000 00584nam a2200205Ia 4500
001 16960
003 GE_BSU
008 181216s||||||||xx |||||||||||||| ||und||
040 _cGE_BSU
080 _a82-93:821.353.1-82
245 _aახალი წელი : კრებული.
245 _cრედ.თ.აბაშმაძე
260 _aთბილისი
260 _bსაბლიტგამი
260 _c1953
300 _a222გვ. : ილ. ; 20სმ
653 _aახალი წელი
653 _aკრებული
942 _cBK
999 _c50022
_d50022